000 00988nam0a22002411 4500
001 rc\2302503
005 20260408000202.0
035 _a(NLR Aleph) 006570452
090 _a6939133
_c6939132
100 _a20110829d1977 |||y0rusy50 ca
101 0 _arus
102 _aRU
105 _ay z |||||
200 1 _aВыполнение плана подрядных строительно-монтажных работ по законченным объектам, этапам и комплексам сдаваемых в текущем году заказчикам по Министерству строительства Латвийской ССР
210 _aРига
_cБ. и.
_d1977-
710 0 1 _aЛатвССР
_bМинистерство строительства
_9823735
_3RU\NLR\AUTH\8810163860
801 0 _aRU
_bNLR
_gpsbo
801 1 _aRU
_bELAR
_2rusmarc
852 _aNLR
_jП23/3095
899 _aRuMoRGB
_jДСП/
899 _aRuMoRGB
_j21 77/44
942 _cBOOK
980 _aNB